| Tag |
First Indicator |
Second Indicator |
Subfields |
| LEADER |
00000cgm a22000003a 4500 |
| 001 |
in00003748813 |
| 006 |
m|||||o||c|||||||| |
| 007 |
cr |n||||||||a |
| 007 |
vz |za|z| |
| 008 |
150223s2001 nyu013 e |o vleng d |
| 005 |
20260324205932.4 |
| 035 |
|
|
|a (OCoLC)904558575
|
| 035 |
|
|
|a ASP2774809/cbsv
|
| 040 |
|
|
|a VaAlASP
|c VaAlASP
|d UtOrBLW
|
| 050 |
|
4 |
|a DS491.7
|b M568 2001
|
| 245 |
0 |
0 |
|a 60 minutes.
|p Kinkade /
|c produced by Alden Bourne.
|
| 246 |
1 |
0 |
|a Kinkade
|
| 246 |
1 |
3 |
|a Sixty minutes.
|p Kinkade
|
| 264 |
|
1 |
|a New York, NY :
|b Columbia Broadcasting System,
|c 2001.
|
| 300 |
|
|
|a 1 online resource (13 min.)
|
| 306 |
|
|
|a 001259
|
| 336 |
|
|
|a two-dimensional moving image
|b tdi
|2 rdacontent
|
| 337 |
|
|
|a computer
|b c
|2 rdamedia
|
| 337 |
|
|
|a video
|b v
|2 rdamedia
|
| 338 |
|
|
|a online resource
|b cr
|2 rdacarrier
|
| 338 |
|
|
|a other
|b vz
|2 rdacarrier
|
| 500 |
|
|
|a Title from resource description page (viewed Feb. 23, 2015).
|
| 520 |
|
|
|a November 25, 2001 - He's sold more canvases than any other artist in history, mass producing them for hundreds of galleries nationwide. As Morley Safer reports, Thomas Kinkade, known for his colorful cottage and garden scenes, isn't just a painter -- he's also a marketing genius.
|
| 546 |
|
|
|a In English.
|
| 500 |
|
|
|a Electronic resource.
|
| 600 |
1 |
0 |
|a Kinkade, Thomas,
|d 1958-2012.
|0 http://id.loc.gov/authorities/names/n82069319
|
| 650 |
|
0 |
|a Painters
|z United States.
|0 http://id.loc.gov/authorities/subjects/sh86007877
|
| 651 |
|
7 |
|a United States.
|0 (OCoLC)1204155
|2 fast
|
| 651 |
|
7 |
|a France
|z Paris.
|0 (OCoLC)1205283
|2 fast
|
| 655 |
|
7 |
|a Internet videos.
|2 lcgft
|0 http://id.loc.gov/authorities/genreForms/gf2011026337
|
| 655 |
|
7 |
|a Television news programs.
|2 lcgft
|0 http://id.loc.gov/authorities/genreForms/gf2011026667
|
| 700 |
1 |
|
|a Bourne, Alden,
|e producer.
|
| 700 |
1 |
|
|a Safer, Morley,
|e reporter.
|0 http://id.loc.gov/authorities/names/n81036623
|
| 710 |
2 |
|
|a CBS News,
|e production company.
|0 http://id.loc.gov/authorities/names/n82221065
|
| 856 |
4 |
0 |
|u http://proxy.library.tamu.edu/login?url=https://www.aspresolver.com/aspresolver.asp?CBSV;2774809
|z Connect to this streaming video (Alexander Street Press)
|t 0
|
| 999 |
f |
f |
|s 0bdbbf91-0c9e-3327-91ec-b92eda4e3b91
|i acd6eb1a-abc8-3cea-8013-1fbc24a00004
|t 0
|
| 952 |
f |
f |
|a Texas A&M University
|b College Station
|c Electronic Resources
|s www_evans
|d Available Online
|t 0
|e DS491.7 M568 2001
|h Library of Congress classification
|
| 998 |
f |
f |
|a DS491.7 M568 2001
|t 0
|l Available Online
|